00647 2200229 4500001002100000005001500021035002000036007000300056008004100059020002200100082001100122084001700133100002000150245006000170260003600230300005100266650003100317700002200348504002500370990001100395990001100406INLIS00000000000432620191025092709 a0010-1019000178ta191025 g 0 ind  a878-602-8252-54-6 a320.53 a320.53 HEN m0 aHENRI, Lefebvre1 aMarxisme /cHenri Lefebvre; penerjemah, A.Arum Candra H aYogyakarta :bJalasutra,c[s.a] axxix,127 hlm. :bilus. ;c19 cm.--Seri panduan 4aIDEOLOGI POLITIK. MARXISME0 aA. ARUM, Candra H aBibliografi: hlm.127 a7085 a a7085 b